Kỹ thuật ngoại thương : Nguyên tắc và thực hành = Foreign trade techniques
Guardado en:
| Autor principal: | |
|---|---|
| Formato: | Libro |
| Lenguaje: | Vietnamese |
| Publicado: |
Thống kê
2000
|
| Etiquetas: |
Agregar Etiqueta
Sin Etiquetas, Sea el primero en etiquetar este registro!
|
| Thư viện lưu trữ: | Mạng thư viện Đại học Đà Nẵng |
|---|
| LEADER | 00683nam a2200253 4500 | ||
|---|---|---|---|
| 001 | 000020744 | ||
| 003 | 17191 | ||
| 005 | 20150326090332.0 | ||
| 008 | 150326s2000 viesd | ||
| 020 | |c 58000 | ||
| 041 | 0 | |a vie | |
| 082 | 1 | 4 | |a 382.3 |b DƯ-H |
| 100 | 1 | |a Dương Hữu Hạnh | |
| 245 | 1 | 0 | |a Kỹ thuật ngoại thương : Nguyên tắc và thực hành = Foreign trade techniques |c Dương Hữu Hạnh |
| 260 | |b Thống kê |c 2000 | ||
| 300 | |a tr. |c cm. | ||
| OWN | |a LSP | ||
| 999 | |a From the UDN01 | ||
| TYP | |a Monograph | ||
| TYP | |a Printed language | ||
| 980 | |a Mạng thư viện Đại học Đà Nẵng | ||